000 00220nam a22000857a 4500
008 170329b xxu||||| |||| 00| 0 eng d
100 _93064
_aCBSE
245 _aSample paper Computer Science-XI
260 _aNew Delhi
_bCBSE
_c2011
999 _c6336
_d6336